Current UK Monarchy - Statistics

General Stats
  • This quiz has been taken 474 times
  • The average score is 10 of 15
Answer Stats
Hint Answer % Correct
6. What is the name of the Queen’s Daughter? Anne
92%
11. Which Prince is the Duchess of Cambridge married to? William
91%
2. What is the name of the youngest son of the present Queen? Prince Edward
88%
5. What was the name of the present Queen’s sister? Margaret
83%
1. What was the name of the monarch who preceded Queen Elizabeth II, the present Queen? George VI
80%
8. The Queen celebrated a jubilee in 2012 – how many years had she been on the throne? 60
79%
4. Prince Andrew is also known as the Duke of what? York
79%
9. Who in the modern day Royal Family was christened Henry Charles Albert David? Prince Harry
76%
10. What is the first name of the Duchess of Cambridge? Catherine
73%
15. What is the first name of the Duchess of Cornwall? Camilla
69%
13. How is this medal winner related to the Queen? Granddaughter
54%
12. Which member of the Royal Family won a silver medal in the 2012 Summer Olympics held in London? Zara Phillips
46%
3. What are the first names of Prince Andrew’s children? Beatrice and Eugenie
44%
14. Who is the Duchess of Edinburgh? Queen
43%
7. What is the name of the Queen’s first grandchild? Peter
31%
No matching quizzes found
Score Distribution
Percent of People with Each Score
Percentile by Number Answered
Your Score History
You have not taken this quiz